| 000 | 01492nam a2200361 i 4500 | ||
|---|---|---|---|
| 001 | 000017839 | ||
| 003 | DO-SdBNP | ||
| 005 | 20240307073947.0 | ||
| 007 | ta | ||
| 008 | 100406s1987 dr 000 0 spa d | ||
| 040 |
_aDO-SdBNP _bspa _cBNPHU _erda |
||
| 082 | 4 |
_222 _a923.77293 _bP422P |
|
| 100 | 1 |
_aPaulino Ramos, Alejandro, _d1951- _eautor _9325 |
|
| 245 | 1 | 0 |
_aVida y obra de Ercilia Pepín / _cAlejandro Paulino Ramos ; prólogo, Bienvenido R. Corominas Pepín. |
| 264 |
_aSanto Domingo : _bUASD, _c1987. |
||
| 300 |
_a259 páginasa : _bilustraciones ; _c21 cm. |
||
| 336 |
_2rdacontent _atexto _btxt |
||
| 337 |
_2rdamedia _asin mediación _bn |
||
| 338 |
_2rdacarrier _avolumen _bnc |
||
| 490 |
_aPublicaciones de la Universidad Autónoma de Santo Domingo _v569 |
||
| 490 |
_aEducación y sociedad _v33 |
||
| 500 | _aIncluye anexos con facsímiles de discursos cartas y certificaciones pertenecientes a Ercilia Pepín | ||
| 504 | _aBibliografía : p. 247-259 | ||
| 586 | _aPrimer premio concurso literario sobre la vida y obra de Ercilia Pepín en el Centenario de su nacimiento | ||
| 590 | _aInventariado, 2021/BT | ||
| 600 | 1 | 0 |
_aPepín, Ercilia, _d1886-1939 _96456 |
| 650 | 4 |
_aMaestros _zRepública Dominicana _96457 |
|
| 650 | 4 |
_aEducación _xHistoria _zRepública Dominicana _9628 |
|
| 700 | 1 |
_aCorominas Pepín, Bienvenido R., _eprólogo _96459 |
|
| 710 | 1 |
_aUniversidad Autónoma de Santo Domingo _972951 |
|
| 910 | _aValidado. Control de calidad. MFF | ||
| 942 |
_2ddc _cLBS1 |
||
| 999 |
_c17363 _d17363 |
||